LEADER 01185nam2 22002773i 450 001 VAN0091862 005 20121112031214.4 100 $a20121112d1885 |0itac50 ba 101 $afre 102 $aFR 105 $a|||| ||||| 200 1 $aˆ3: [‰Registres]$fpar P. Willems 205 $aLouvain : Typographie de Ch. Peeters$b1885 210 $d114 p. ; 25 cm 215 $aLegato con Les attributions du sénat. - Biblioteca Lauria. 461 1$1001VAN0091860$12001 $aˆLe ‰Sénat de la République romaine$esa composition et ses attributions$fpar P. Willems$1210 $aLouvain$c Typographie de Ch. Peeters, imprimeur-editeur$1215 $avol.$d25 cm.$v3 606 $aSenato romano$3VANC006761$2FI 620 $aBE$dLouvain$3VANL001764 700 1$aWillems$bPierre$3VANV009806$040689 712 $aPeeters$3VANV110700$4650 801 $aIT$bSOL$c20240802$gRICA 899 $aBIBLIOTECA DEL DIPARTIMENTO DI GIURISPRUDENZA$1IT-CE0105$2VAN00 912 $aVAN0091862 950 $aBIBLIOTECA DEL DIPARTIMENTO DI GIURISPRUDENZA$d00CONS BL.800M.340 2-3 $e00 798446048 20121112 996 $aRegistres$91434601 997 $aUNICAMPANIA